Gaming Quiz

Random Gaming or Video Games Quiz
Score 0/10 Timer 05:00
0 Plays Today
Year Videogame % Correct
2007Call of Duty: Modern Warfare
67.6%
2009Call of Duty: Modern Warfare 2
59.3%
2010Call of Duty: Black Ops
54.6%
2008Grand Theft Auto 4
51.9%
2004Grand Theft Auto San Andreas
50%
2004World of Warcraft
45.4%
2000The Sims
25%
2008Mario Kart Wii
22.2%
2009New Super Mario Bros. Wii
15.7%
2006Wii Play
11.1%
Remove Ads.
Support Sporcle.
Get the best of Sporcle when you Go Orange. This ad-free experience offers more features, more stats, and more fun while also helping to support Sporcle. Thank you for becoming a member.

You're not logged in!

Compare scores with friends on all Sporcle quizzes.
OR
Log In

Show Comments

Extras

Top Quizzes Today


Score Distribution

Your Account Isn't Verified!

In order to create a playlist on Sporcle, you need to verify the email address you used during registration. Go to your Sporcle Settings to finish the process.

Report this User

Report this user for behavior that violates our Community Guidelines.

Details: